000 00443 a2200133 4500
001 ART_9921
005 20260410161612.0
008 260409a
245 1 0 _aLas herramientas de la cooperación y del cambio
100 1 _aChristensen, Clayton M.
700 1 _aMarx, Matt
700 1 _aStevenson, Howard H.
773 0 _tHarvard Business Review
_gEl arsenal del líder para el cambio - Vol. 84, Nº 10 (oct. 2006)
_wREV340
999 _c10735
_d10735